Practice and theory in comparative law / (Record no. 22096)
[ view plain ]
| 000 -LEADER | |
|---|---|
| fixed length control field | 02626cam a22003735a 4500 |
| 001 - CONTROL NUMBER | |
| control field | 016072674 |
| 003 - CONTROL NUMBER IDENTIFIER | |
| control field | OSt |
| 005 - DATE AND TIME OF LATEST TRANSACTION | |
| control field | 20160802100519.0 |
| 008 - FIXED-LENGTH DATA ELEMENTS--GENERAL INFORMATION | |
| fixed length control field | 120312s2014 enka frb 001 0 eng d |
| 010 ## - LIBRARY OF CONGRESS CONTROL NUMBER | |
| LC control number | 2012010535 |
| 015 ## - NATIONAL BIBLIOGRAPHY NUMBER | |
| National bibliography number | GBB240263 |
| Source | bnb |
| 016 7# - NATIONAL BIBLIOGRAPHIC AGENCY CONTROL NUMBER | |
| Record control number | 016072674 |
| Source | Uk |
| 020 ## - INTERNATIONAL STANDARD BOOK NUMBER | |
| International Standard Book Number | 1107416884 |
| 020 ## - INTERNATIONAL STANDARD BOOK NUMBER | |
| International Standard Book Number | 9781107416888 |
| 040 ## - CATALOGING SOURCE | |
| Original cataloging agency | StDuBDS |
| Language of cataloging | eng |
| Transcribing agency | StDuBDS |
| Modifying agency | EG-ScBUE |
| 042 ## - AUTHENTICATION CODE | |
| Authentication code | ukblsr |
| 082 04 - DEWEY DECIMAL CLASSIFICATION NUMBER | |
| Edition number | 22 |
| Classification number | 340.2 |
| Item number | PRA |
| 245 00 - TITLE STATEMENT | |
| Title | Practice and theory in comparative law / |
| Statement of responsibility, etc | edited by Maurice Adams and Jacco Bomhoff. |
| 260 ## - PUBLICATION, DISTRIBUTION, ETC. (IMPRINT) | |
| Place of publication, distribution, etc | Cambridge ; |
| -- | New York : |
| Name of publisher, distributor, etc | Cambridge University Press, |
| Date of publication, distribution, etc | 2014. |
| 300 ## - PHYSICAL DESCRIPTION | |
| Extent | ix, 342 p. : |
| Other physical details | ill. ; |
| Dimensions | 24 cm. |
| 500 ## - GENERAL NOTE | |
| General note | Originally published in 2012. |
| 500 ## - GENERAL NOTE | |
| General note | Index : p. 327-342. |
| 504 ## - BIBLIOGRAPHY, ETC. NOTE | |
| Bibliography, etc | Includes bibliographical references. |
| 505 ## - FORMATTED CONTENTS NOTE | |
| Formatted contents note | Comparing law : practice and theory / Maurice Adams and Jacco Bomhoff -- Reflections on comparative law methodology : getting inside contract law / Catherine Valcke -- Reasoning with previous decisions / Jan Komárek -- Comparing legal argument / Jacco Bomhoff -- In search of system neutrality : methodological issues in the drafting of European contract law rules / Gerhard Dannemann -- Comparative law and global regulatory convergence : the example of competition law / David J. Gerber -- Reflections on comparative method in European constitutional law / Monica Claes and Maartje de Visser --<br/>Rethinking methods in European private law / Jan M. Smits --<br/>Transnational comparisons : theory and practice of comparative law as a critique of global governance / Peer Zumbansen --<br/>Comparative constitutional compliance : notes towards a research agenda / Frederick Schauer -- Quantitative methods for comparative constitutional law / Anne Meuwese and Mila Versteeg -- Comparisons in private patrimonial law : towards a bottom-up approach using (cross-cultural) behavioural economics / Julie de Coninck -- Against "comparative method" : explaining similarities and differences / Maurice Adams and John Griffiths -- Comparative law as an act of modesty : a pragmatic and realistic approach to comparative legal scholarship / Koen Lemmens. |
| 520 ## - SUMMARY, ETC. | |
| Summary, etc | A collection of essays exploring the gap between theory and practice in comparative legal studies.<br/> |
| 650 #7 - SUBJECT ADDED ENTRY--TOPICAL TERM | |
| Topical term or geographic name as entry element | Comparative law |
| Source of heading or term | BUEsh |
| 9 (RLIN) | 40384 |
| 651 ## - SUBJECT ADDED ENTRY--GEOGRAPHIC NAME | |
| Source of heading or term | BUEsh |
| 653 ## - INDEX TERM--UNCONTROLLED | |
| Resource For college | Law |
| Arrived date list | August 2016 |
| 700 1# - ADDED ENTRY--PERSONAL NAME | |
| Personal name | Adams, Maurice, |
| Dates associated with a name | 1964- |
| Relator term | editor. |
| 9 (RLIN) | 40611 |
| 700 1# - ADDED ENTRY--PERSONAL NAME | |
| Personal name | Bomhoff, J. |
| Relator term | editor. |
| Fuller form of name | (Jacco) |
| 9 (RLIN) | 40612 |
| 942 ## - ADDED ENTRY ELEMENTS (KOHA) | |
| Source of classification or shelving scheme | Dewey Decimal Classification |
| Edition | 22 |
| Call number prefix | 340.2 PRA |
| Withdrawn status | Item status | Source of classification or shelving scheme | Damaged status | Not for loan | Vendor | Home library | Current library | Shelving location | Date acquired | Source of acquisition | Cost, normal purchase price | Serial Enumeration / chronology | Total Checkouts | Full call number | Barcode | Date last seen | Date last borrowed | Cost, replacement price | Koha item type |
|---|---|---|---|---|---|---|---|---|---|---|---|---|---|---|---|---|---|---|---|
| Dewey Decimal Classification | Baccah | Central Library | Central Library | First floor | 02/08/2016 | Purchase | 364.00 | 26080 | 1 | 340.2 PRA | 000033051 | 15/07/2025 | 02/08/2016 | 455.00 | Book - Borrowing |